Posudzovanie spokojnosti zákazníkov so službami konkrétnej firmy bakalárska práca

Gespeichert in:
Bibliographische Detailangaben
1. Verfasser: Mihálová, Dominika
Körperschaft: Obchodná fakulta EU. Katedra marketingu
Weitere Verfasser: Korčoková, Marína, 1970-
Format: Buch
Sprache:Slowakisch
Veröffentlicht: Bratislava 2014
Tags: Tag hinzufügen
Keine Tags, Fügen Sie das erste Tag hinzu!

MARC

LEADER 00000nbm a2200000 4500
001 0188180
005 20170315090444.2
041 0 |a slo 
044 |a SK 
245 1 0 |a Posudzovanie spokojnosti zákazníkov so službami konkrétnej firmy  |b bakalárska práca  |c Dominika Mihálová ; školiteľ: Marína Korčoková 
264 1 |a Bratislava  |c 2014 
300 |a 69 s. 
100 1 |a Mihálová, Dominika 
700 1 |a Korčoková, Marína, 1970- 
710 2 |a Obchodná fakulta EU. Katedra marketingu